000
00308nam a2200109Ia 4500
005
20251222143231.0
008
251222s9999||||xx |||||||||||||| ||spa||
082
_a
370.78/C75/2000
245
0
_a
II Encuentro Internacional sobre Educación Productiva
264
_b
Colegio Militar "Leoncio Prado"
942
_c
LIB
999
_c
14191
_d
14191